Kluby Kongo Ligue 1 - nagła śmierć - Statystyki

Ogólne statystyki
  • Ten quiz został rozwiązany 6 razy
  • Średni wynik to 2 z 9
Answers on the Grid
Answers color-coded by a green-red scale on the quiz's grid according to % correct below.
JS Poto-Poto
Dauphins Noirs
Diables Noirs
Holy Stars
JS Talangai
AC Léopards
Wakriya AC
East End Lions
CARA Brazzaville
Otoho d'Oyo
Dynamo Abomey
FC Nathaly's
ACJM de Pointe-Noire
Elect Sport
Etoile du Congo
FC Saint Eloi Lupopo
 
Statystyki odpowiedzi
Odpowiedź % Poprawnych
CARA Brazzaville
100%
ACJM de Pointe-Noire
50%
Etoile du Congo
50%
AC Léopards
0%
Diables Noirs
0%
FC Nathaly's
0%
JS Poto-Poto
0%
JS Talangai
0%
Otoho d'Oyo
0%
Nie znaleziono quizów pasujących do podanych kryteriów
Rozkład punktacji
Procent ludzi z każdym wynikiem
Percentyl według liczby udzielonych odpowiedzi
Twoja historia wyników
Nie rozwiązałeś tego quizu